| 000 | 01284nam a2200289 i 4500 | ||
|---|---|---|---|
| 001 | 55267 | ||
| 003 | ES-MaACL | ||
| 005 | 20250728062602.0 | ||
| 007 | t| | ||
| 008 | 150121s2001 sp aco ||||1| spa d | ||
| 080 | _a84-931127-9-8 | ||
| 100 | 1 |
_aMata Guerra, Juan Carlos de la ( _d1959-) _9156185 |
|
| 245 | 1 | 0 |
_aSociedad y prensa en Benavente : _b(siglos XIX-XX) / _cJuan Carlos de la Mata Guerra. |
| 260 |
_aBenavente : _bCentro de Estudios Benaventanos "Ledo del Pozo", _c2001. |
||
| 300 |
_a310 p. : _bil., retr. ; _c24 cm. |
||
| 490 | 1 |
_aMonografías ; _v4 |
|
| 504 | _aBibliografía: p. 303-306. | ||
| 505 | 8 | _aContiene: Relación de publicaciones periódicas de Benavente, p. 281 ; Catálogo de publicaciones, p. 282-294 ; Apéndice documental, p. [307]-310 | |
| 650 | 4 |
_aPrensa- _zBenavente. _9156186 |
|
| 651 | 4 |
_aBenavente- _xSituación social. _9156187 |
|
| 710 | 2 |
_aCentro de Estudios Benaventanos "Ledo del Pozo" _9144530 |
|
| 830 | 1 | 0 |
_aMonografías (Centro de Estudios Benaventanos "Ledo del Pozo") _v4 _9177262 |
| 852 | 4 |
_aES-MaACL _jA-13330 _957395 _bR.150327 _cDEPO1 _dOlim: N-6330 _hDonación: Centro de Estudios Benaventanos |
|
| 914 |
_9144530 _aCentro de Estudios Benaventanos "Ledo del Pozo" _ednr |
||
| 942 |
_2udc _cMONOGRAFIA |
||
| 999 |
_c55267 _d55267 |
||